El Dilema de América Latina. Estructuras del poder y fuerzas insurgentes

محفوظ في:
التفاصيل البيبلوغرافية
المؤلف الرئيسي: Ribeiro, Darcy
التنسيق: نص
منشور في: México, D.F: Siglo XXI
الطبعة:4
الوسوم: إضافة وسم
لا توجد وسوم, كن أول من يضع وسما على هذه التسجيلة!

MARC

LEADER 00000 a a2200000 04500
001 25752
003
040
090 |a 173700  
100 |a Ribeiro, Darcy  
245 |a El Dilema de América Latina. Estructuras del poder y fuerzas insurgentes  
250 |a 4  
260 |a México, D.F:   |b Siglo XXI  
300 |a 358 p  
999 |c 17291  |d 17291